[Event "ICS rated blitz match"]
[Site "204.178.125.65"]
[Date "2001.01.05"]
[Round "?"]
[White "Hossa"]
[Black "andrewt"]
[Result "0-1"]
[WhiteElo "2567"]
[BlackElo "2383"]
[PlyCount "140"]
[EventDate "2001.??.??"]

1. e4 c5 2. Nf3 d6 3. d4 cxd4 4. Nxd4 Nf6 5. Nc3 a6 6. Bg5 e6 7. Be2 Be7 8. Qd2
O-O 9. O-O b5 10. a3 Bb7 11. Bf3 Qc7 12. Rfe1 Nbd7 13. a4 b4 14. Na2 a5 15. Nb5
Qb8 16. c3 Ne5 17. cxb4 axb4 18. Nxb4 Rd8 19. Qe2 d5 20. Bxf6 Nxf3+ 21. gxf3
gxf6 22. Nc2 Kh8 23. Kh1 dxe4 24. fxe4 f5 25. f3 fxe4 26. fxe4 f5 27. Nc3 Bf6
28. Qf2 Bxc3 29. bxc3 Qe5 30. Re3 Bxe4+ 31. Kg1 Rg8+ 32. Kf1 f4 33. Rxe4 Qxe4
34. Qd4+ Qxd4 35. Nxd4 e5 36. Nb5 e4 37. Nd6 e3 38. Ke2 Rg2+ 39. Kf3 Rf2+ 40.
Ke4 e2 41. Rg1 Rf8 42. Re1 f3 43. Ke3 Rf1 44. Rxe2 fxe2 45. Kxe2 R1f2+ 46. Kd3
Rd8 47. Ke3 Rxd6 48. Kxf2 Rd3 49. c4 Rd4 50. c5 Rc4 51. Ke3 Rxc5 52. Kd3 Ra5
53. Ke4 Rxa4+ 54. Kf3 Kg7 55. Kg3 Kf6 56. Kf3 Kf5 57. Kg3 h5 58. Kf3 Ra3+ 59.
Kg2 Kf4 60. Kf2 Ra2+ 61. Ke1 Kf3 62. h3 Rh2 63. h4 Re2+ 64. Kd1 Ke3 65. Kc1 Rd2
66. Kb1 Kd3 67. Kc1 Kc3 68. Kb1 Rf2 69. Ka1 Kb3 70. Kb1 Rf1# {Hossa checkmated}
0-1

[Event "ICS rated standard match"]
[Site "204.178.125.65"]
[Date "2001.01.05"]
[Round "?"]
[White "Hossa"]
[Black "stutsar"]
[Result "1-0"]
[WhiteElo "2286"]
[BlackElo "2011"]
[PlyCount "47"]
[EventDate "2001.??.??"]

1. e4 c5 2. Nf3 Nc6 3. d4 cxd4 4. Nxd4 Nf6 5. Nc3 d6 6. Be2 g6 7. Bg5 Bg7 8.
Nb3 O-O 9. O-O a6 10. Qd2 b5 11. a3 Bb7 12. Bh6 Qb6 13. Nd5 Nxd5 14. Bxg7 Kxg7
15. exd5 Ne5 16. Rad1 Rac8 17. Na1 Rc7 18. c3 Rfc8 19. Nb3 a5 20. Qe3 Qxe3 21.
fxe3 b4 22. Nxa5 bxc3 23. Nxb7 Rxb7 24. Ba6 {stutsar resigns} 1-0

[Event "ICS rated blitz match"]
[Site "204.178.125.65"]
[Date "2001.01.05"]
[Round "?"]
[White "Hossa"]
[Black "PrinceCharles"]
[Result "1-0"]
[WhiteElo "2544"]
[BlackElo "1973"]
[PlyCount "53"]
[EventDate "2001.??.??"]

1. e4 e6 2. d3 d5 3. Nd2 Bd6 4. d4 dxe4 5. Nxe4 Nf6 6. Nxd6+ cxd6 7. Nf3 Qe7 8.
Bd3 Nbd7 9. O-O Nb6 10. a4 Bd7 11. c4 Rc8 12. a5 Nxc4 13. b3 d5 14. bxc4 dxc4
15. Ba3 Qd8 16. Be2 Qxa5 17. Bf8 Qd8 18. Bxg7 Rg8 19. Bxf6 Qxf6 20. Rxa7 Bc6
21. g3 Bd5 22. Ne5 Rg5 23. Qa4+ Rc6 24. Rxb7 Rxe5 25. dxe5 Qxe5 26. Qa8+ Rc8
27. Qxc8# {PrinceCharles checkmated} 1-0

[Event "ICS rated blitz match"]
[Site "204.178.125.65"]
[Date "2001.01.05"]
[Round "?"]
[White "Hossa"]
[Black "Shirav"]
[Result "1-0"]
[WhiteElo "2557"]
[BlackElo "2272"]
[PlyCount "67"]
[EventDate "2001.??.??"]

1. e4 e6 2. d3 d5 3. Nd2 Nf6 4. g3 Nc6 5. Bg2 dxe4 6. Nxe4 Nxe4 7. Bxe4 Bc5 8.
Nf3 h6 9. Be3 Bb6 10. c3 O-O 11. O-O Bd7 12. d4 Qe7 13. Bf4 Rad8 14. Qc2 Kh8
15. Nd2 f5 16. Bg2 e5 17. Bxe5 Nxe5 18. Rfe1 f4 19. Rxe5 Qf6 20. Nc4 fxg3 21.
hxg3 Bc6 22. Bxc6 Qxc6 23. Qe2 Rf6 24. f4 Rdf8 25. Rh5 Rg6 26. Ne5 Re6 27. Re1
Qe8 28. Qg4 Ref6 29. Re2 Kh7 30. Nd7 Qf7 31. Nxf8+ Qxf8 32. Re6 Qc8 33. Rxh6+
Kg8 34. Rhxf6 {Shirav resigns} 1-0

[Event "ICS rated blitz match"]
[Site "204.178.125.65"]
[Date "2001.01.05"]
[Round "?"]
[White "Shirav"]
[Black "Hossa"]
[Result "0-1"]
[WhiteElo "2267"]
[BlackElo "2562"]
[PlyCount "60"]
[EventDate "2001.??.??"]

1. d4 Nf6 2. c4 e6 3. Nf3 b6 4. a3 Bb7 5. Nc3 d5 6. cxd5 exd5 7. Bf4 Bd6 8. Bg3
Bxg3 9. hxg3 c5 10. e3 Nc6 11. Bd3 cxd4 12. exd4 O-O 13. O-O Bc8 14. Rc1 a6 15.
Ne5 Bd7 16. Bb1 Ne7 17. Re1 Bf5 18. Ba2 Ra7 19. g4 Be6 20. f3 Nd7 21. Qd3 Nxe5
22. Rxe5 Qd6 23. Rce1 Nc6 24. Rh5 g6 25. Rh4 Qg3 26. Rxe6 fxe6 27. Rh3 Qe1+ 28.
Kh2 Qc1 29. Bb1 Qf4+ 30. Kh1 Nxd4 {Shirav resigns} 0-1

[Event "ICS rated blitz match"]
[Site "204.178.125.65"]
[Date "2001.01.05"]
[Round "?"]
[White "Hossa"]
[Black "capuciluis"]
[Result "1-0"]
[WhiteElo "2567"]
[BlackElo "1939"]
[PlyCount "55"]
[EventDate "2001.??.??"]

1. e4 e5 2. Nf3 Nf6 3. Nxe5 d6 4. Nf3 Nxe4 5. d4 d5 6. Bd3 Bd6 7. O-O O-O 8. c4
c6 9. Nc3 Nxc3 10. bxc3 Bg4 11. cxd5 cxd5 12. h3 Bh5 13. Qb3 Bxf3 14. Qxb7 Nd7
15. gxf3 Rb8 16. Qxd5 Nf6 17. Qf5 g6 18. Qg5 Be7 19. Qh6 Nh5 20. Re1 Bf6 21.
Ba3 Bg7 22. Qe3 Re8 23. Qxe8+ Qxe8 24. Rxe8+ Rxe8 25. Bc5 Nf4 26. Bf1 a5 27.
Kh2 Ne2 28. Re1 {capuciluis resigns} 1-0

[Event "ICS rated standard match"]
[Site "204.178.125.65"]
[Date "2001.01.05"]
[Round "?"]
[White "Memmius"]
[Black "Hossa"]
[Result "0-1"]
[WhiteElo "2205"]
[BlackElo "2291"]
[PlyCount "66"]
[EventDate "2001.??.??"]

1. c4 e5 2. Nc3 Nf6 3. e4 Bc5 4. d3 d6 5. Be2 O-O 6. Nf3 Nc6 7. h3 Be6 8. O-O
a6 9. a3 Qe7 10. b4 Ba7 11. Be3 Nd4 12. Bxd4 exd4 13. Nb1 Nd7 14. Nbd2 f5 15.
Nh2 fxe4 16. Nxe4 b5 17. cxb5 axb5 18. Bg4 Bd5 19. Re1 Ne5 20. Qd2 Qf7 21. Nf3
Nxg4 22. hxg4 Qg6 23. g5 Qh5 24. Rac1 Bb6 25. Qb2 Rxf3 26. gxf3 Qxf3 27. Qe2
Qf4 28. Qh5 Bxe4 29. dxe4 d3 30. Rf1 Bxf2+ 31. Rxf2 Qxc1+ 32. Kg2 g6 33. Qf3
Qxg5+ {Memmius resigns} 0-1

[Event "ICS rated blitz match"]
[Site "204.178.125.65"]
[Date "2001.01.05"]
[Round "?"]
[White "shally"]
[Black "Hossa"]
[Result "0-1"]
[WhiteElo "2297"]
[BlackElo "2568"]
[PlyCount "87"]
[EventDate "2001.??.??"]

1. e4 e5 2. Nf3 Nc6 3. Bb5 a6 4. Ba4 Nf6 5. d4 exd4 6. e5 Ne4 7. O-O Be7 8.
Nxd4 Nxd4 9. Qxd4 Nc5 10. Nc3 O-O 11. Bf4 Ne6 12. Qe4 Nxf4 13. Qxf4 d5 14. Rad1
c6 15. Ne2 f6 16. c4 fxe5 17. Qxe5 Bd6 18. Qd4 Qe7 19. cxd5 Qxe2 20. dxc6 Rd8
21. Bb3+ Kh8 22. Rfe1 Bxh2+ 23. Kxh2 Qh5+ 24. Kg1 Rxd4 25. Rxd4 Bf5 26. cxb7
Rb8 27. Bd5 Qg5 28. Bf3 Qf6 29. Rc4 Qf7 30. Rec1 Qf8 31. Rc7 h6 32. a3 Qe8 33.
b4 Kh7 34. g3 Qe5 35. Kg2 Be4 36. Bxe4+ Qxe4+ 37. f3 Qe2+ 38. Kh3 Qxf3 39. R1c3
Qh1+ 40. Kg4 Rxb7 41. R7c6 Re7 42. Rf3 h5+ 43. Kf4 Rf7+ 44. Rf6 {shally resigns
} 0-1

[Event "ICS rated blitz match"]
[Site "204.178.125.65"]
[Date "2001.01.05"]
[Round "?"]
[White "WICKER-MAN"]
[Black "Hossa"]
[Result "0-1"]
[WhiteElo "2315"]
[BlackElo "2574"]
[PlyCount "76"]
[EventDate "2001.??.??"]

1. e4 e5 2. d4 exd4 3. c3 d5 4. exd5 Qxd5 5. cxd4 Nc6 6. Nf3 Bg4 7. Be2 O-O-O
8. Be3 Qd7 9. Nc3 Bxf3 10. Bxf3 Nf6 11. Nb5 Bb4+ 12. Kf1 Kb8 13. Qa4 Nd5 14.
Rc1 a6 15. Nc3 Bxc3 16. bxc3 Qf5 17. Qc2 Qxc2 18. Rxc2 Nxe3+ 19. fxe3 Rd6 20.
Kf2 Re8 21. Rb2 b6 22. Re1 Na5 23. e4 Rh6 24. h3 Nc4 25. Rbe2 c6 26. e5 b5 27.
Kg1 a5 28. Be4 Ree6 29. Rf1 f6 30. Bd3 Nb6 31. Bf5 Re7 32. e6 Nd5 33. Be4 Rxe6
34. Rfe1 Nxc3 35. Bxc6 Rxe2 36. Rxe2 Nxe2+ 37. Kf2 Nxd4 38. Bxb5 Nxb5 {
WICKER-MAN resigns} 0-1

[Event "ICS rated blitz match"]
[Site "204.178.125.65"]
[Date "2001.01.05"]
[Round "?"]
[White "Hossa"]
[Black "WICKER-MAN"]
[Result "1-0"]
[WhiteElo "2580"]
[BlackElo "2309"]
[PlyCount "63"]
[EventDate "2001.??.??"]

1. e4 e5 2. Nf3 f6 3. Bc4 g6 4. d4 d6 5. dxe5 dxe5 6. Qxd8+ Kxd8 7. Nc3 Ne7 8.
Be3 c6 9. O-O-O+ Kc7 10. Bc5 Nd7 11. Bd6+ Kd8 12. Bf7 b5 13. Kb1 a5 14. Ne2 Bg7
15. Rd3 Rf8 16. Bb3 a4 17. Be6 Ke8 18. Bh3 Nb6 19. Bxc8 Rxc8 20. Bc5 Nc4 21.
Rhd1 Kf7 22. Bxe7 Kxe7 23. Rd7+ Ke6 24. Rxg7 Rfd8 25. Rd3 Rxd3 26. cxd3 Nd6 27.
Rxh7 Nf7 28. d4 Rd8 29. Rg7 exd4 30. Nexd4+ Ke7 31. Nxc6+ Kf8 32. Rxf7+ {
WICKER-MAN resigns} 1-0

[Event "ICS rated blitz match"]
[Site "204.178.125.65"]
[Date "2001.01.05"]
[Round "?"]
[White "WICKER-MAN"]
[Black "Hossa"]
[Result "1-0"]
[WhiteElo "2303"]
[BlackElo "2586"]
[PlyCount "51"]
[EventDate "2001.??.??"]

1. e4 e5 2. d4 exd4 3. Nf3 Nc6 4. c3 dxc3 5. Nxc3 Bc5 6. Bc4 Nf6 7. O-O O-O 8.
h3 d6 9. Bg5 h6 10. Bh4 Be6 11. Nd5 g5 12. Nxg5 hxg5 13. Bxg5 Bd4 14. Kh1 Bxb2
15. f4 Bxd5 16. Bxd5 Bxa1 17. Qxa1 Re8 18. Bxf6 Qb8 19. Qe1 Re6 20. Qg3+ Kf8
21. Qg7+ Ke8 22. Qg8+ Kd7 23. Qxf7+ Ne7 24. Qxe6+ Kd8 25. Qxe7+ Kc8 26. Be6# {
Hossa checkmated} 1-0

[Event "ICS rated standard match"]
[Site "204.178.125.65"]
[Date "2001.01.05"]
[Round "?"]
[White "Hossa"]
[Black "BrazilianMaster"]
[Result "0-1"]
[WhiteElo "2303"]
[BlackElo "2598"]
[PlyCount "110"]
[EventDate "2001.??.??"]

1. e4 c5 2. Nf3 Nc6 3. d4 cxd4 4. Nxd4 g6 5. Nc3 Bg7 6. Be3 Nf6 7. f3 O-O 8.
Qd2 d5 9. exd5 Nxd5 10. Nxd5 Qxd5 11. c4 Qd7 12. Nxc6 Qxc6 13. Rd1 Qc7 14. Be2
Be6 15. Qb4 Rac8 16. b3 Be5 17. Bxa7 b5 18. Be3 bxc4 19. bxc4 Bd6 20. Qc3 Bxh2
21. Bh6 Be5 22. Qc2 Bg3+ 23. Kf1 Qc5 24. Bd3 Rfd8 25. Qb2 f6 26. Qe2 Bf5 27.
Be3 Qa3 28. Bf2 Bxd3 29. Rxd3 Qc1+ 30. Qe1 Qxe1+ 31. Bxe1 Rxd3 32. Bxg3 Rxc4
33. Be1 Ra3 34. Ke2 Rc2+ 35. Bd2 Raxa2 36. Rd1 e5 37. Kd3 Kf7 38. g3 Ke6 39.
Bb4 h5 40. Be1 Rg2 41. Ke3 f5 42. Rd2 Ra3+ 43. Rd3 f4+ 44. gxf4 exf4+ 45. Kd4
Rxd3+ 46. Kxd3 g5 47. Ba5 h4 48. Bb6 h3 49. Ke4 h2 50. Ba5 h1=Q 51. Bd2 Qb1+
52. Kd4 Rxd2+ 53. Kc3 Qd3+ 54. Kb4 Rb2+ 55. Ka4 Qa6# {Hossa checkmated} 0-1

[Event "ICS rated standard match"]
[Site "204.178.125.65"]
[Date "2001.01.05"]
[Round "?"]
[White "Bootemout"]
[Black "Hossa"]
[Result "0-1"]
[WhiteElo "2045"]
[BlackElo "2298"]
[PlyCount "36"]
[EventDate "2001.??.??"]

1. d4 Nf6 2. Nf3 e6 3. Bg5 d6 4. e4 h6 5. Bxf6 gxf6 6. Bd3 e5 7. Nbd2 Rg8 8. g3
Nc6 9. d5 Nb4 10. Bf1 f5 11. c3 fxe4 12. Nxe4 Na6 13. Bb5+ Ke7 14. Ned2 Nc5 15.
Qc2 a6 16. Be2 Ke8 17. O-O-O Qf6 18. Rhf1 Bf5 {Bootemout resigns} 0-1

[Event "ICS Rated blitz match"]
[Site "204.178.125.65"]
[Date "2001.01.05"]
[Round "?"]
[White "Valg"]
[Black "Hossa"]
[Result "1/2-1/2"]
[WhiteElo "2857"]
[BlackElo "2559"]
[PlyCount "277"]
[EventDate "2001.??.??"]

1. e4 e5 2. Nf3 Nc6 3. Bb5 a6 4. Ba4 Nf6 5. O-O b5 6. Bb3 Be7 7. Re1 d6 8. c3
O-O 9. h3 b4 10. d4 bxc3 11. dxe5 cxb2 12. Bxb2 dxe5 13. Nxe5 Qxd1 14. Rxd1 Na5
15. Bc2 Bb7 16. Bc3 Nc6 17. Nd2 a5 18. Rab1 Nb4 19. a3 Nxc2 20. Rxb7 Bxa3 21.
Nec4 Bb4 22. Bxf6 gxf6 23. Rxc7 Rad8 24. Nb6 Ne3 25. fxe3 Rxd2 26. Rxd2 Bxd2
27. Kf2 Re8 28. Kf3 Kf8 29. Rc6 Bb4 30. Nd7+ Kg7 31. Nxf6 Re6 32. Nh5+ Kh6 33.
Rxe6+ fxe6 34. Nf4 a4 35. Nxe6 a3 36. Nd4 a2 37. Nb3 Bd6 38. Na1 Be5 39. Nb3
Kg5 40. g3 h6 41. Kf2 a1=Q 42. Nxa1 Bxa1 43. h4+ Kg4 44. e5 Bxe5 45. h5 Bxg3+
46. Kg1 Kf3 47. Kh1 Bd6 48. Kg1 Be5 49. Kh1 Kf2 50. e4 Kf3 51. Kg1 Kg3 52. Kh1
Kh4 53. Kg2 Kg4 54. Kg1 Kf3 55. Kh1 Kg3 56. Kg1 Kg4 57. Kg2 Kf4 58. Kg1 Bd4+
59. Kg2 Ke5 60. Kh1 Ba7 61. Kg2 Bb6 62. Kg3 Bc5 63. Kg2 Be3 64. Kh2 Bf4+ 65.
Kg2 Bg5 66. Kf2 Bd2 67. Kg2 Bc3 68. Kh1 Be1 69. Kh2 Bf2 70. Kh1 Bd4 71. Kh2 Be3
72. Kg2 Bc5 73. Kh1 Bb6 74. Kg2 Ba5 75. Kh1 Bb4 76. Kg2 Bd6 77. Kh1 Bb8 78. Kg2
Bc7 79. Kf2 Bd8 80. Kg2 Be7 81. Kg1 Kf4 82. Kh2 Kf3 83. Kg1 Bd6 84. Kh1 Kf2 85.
e5 Be7 86. Kh2 Bc5 87. Kh1 Bb4 88. Kh2 Ba3 89. e6 Be7 90. Kh1 Kg3 91. Kg1 Kg4
92. Kh1 Kh3 93. Kg1 Kh4 94. Kh2 Kg5 95. Kg2 Kf6 96. Kh1 Kf5 97. Kg1 Ke5 98. Kh2
Kf4 99. Kg1 Kf5 100. Kh2 Ke5 101. Kg2 Kd6 102. Kh3 Kc7 103. Kg2 Kd8 104. Kh1
Ke8 105. Kg2 Kf8 106. Kh1 Bc5 107. Kg2 Ke7 108. Kh1 Be3 109. Kg2 Bd4 110. Kh1
Be5 111. Kg2 Bc3 112. Kh1 Bb2 113. Kg1 Bf6 114. Kh1 Bc3 115. Kg1 Bb4 116. Kg2
Bd2 117. Kh1 Bf4 118. Kg2 Be5 119. Kh3 Bd4 120. Kg2 Be3 121. Kh2 Bc1 122. Kh3
Ba3 123. Kg2 Bb4 124. Kh1 Bd6 125. Kg2 Bf4 126. Kh1 Bg3 127. Kg2 Be1 128. Kh3
Bc3 129. Kg2 Bd2 130. Kg1 Be1 131. Kh1 Ba5 132. Kg2 Bd8 133. Kh1 Bc7 134. Kg2
Bd6 135. Kg1 Bb8 136. Kh1 Ke8 137. Kg2 Be5 138. Kh1 Bh8 139. Kg2 {
Game drawn by the 50 move rule} 1/2-1/2

[Event "ICS rated blitz match"]
[Site "204.178.125.65"]
[Date "2001.01.05"]
[Round "?"]
[White "Hossa"]
[Black "PostModernist"]
[Result "1-0"]
[WhiteElo "2570"]
[BlackElo "2569"]
[PlyCount "109"]
[EventDate "2001.??.??"]

1. e4 c5 2. Nf3 Nc6 3. d4 cxd4 4. Nxd4 Nf6 5. Nc3 e5 6. Ndb5 d6 7. Bg5 a6 8.
Na3 b5 9. Bxf6 gxf6 10. Nd5 f5 11. c3 Bg7 12. exf5 Bxf5 13. Nc2 Be6 14. Nce3
Ne7 15. Nxe7 Qxe7 16. a4 O-O 17. axb5 axb5 18. Rxa8 Rxa8 19. Bxb5 Rb8 20. c4 e4
21. Qd2 Be5 22. O-O Qh4 23. g3 Qh5 24. b3 Bh3 25. Re1 Kh8 26. Qd1 Qg6 27. Qc2
f5 28. Nd5 Qg7 29. Qd2 Bg4 30. b4 Bf3 31. Rb1 Rf8 32. Nf4 Qh6 33. h4 Bxf4 34.
Qxf4 Qxf4 35. gxf4 Rg8+ 36. Kf1 Rg4 37. c5 dxc5 38. bxc5 Rxh4 39. Ke1 Rh1+ 40.
Bf1 Kg7 41. Kd2 Rg1 42. Ke3 Kh6 43. c6 Rg7 44. Rb7 Rg8 45. c7 Rc8 46. Bb5 Kg6
47. Bd7 Rxc7 48. Rxc7 Bg4 49. Rc6+ Kf7 50. Kd4 Ke7 51. Be6 Kf6 52. Bc8+ Kg7 53.
Ke5 e3 54. fxe3 h5 55. Bxf5 {PostModernist resigns} 1-0

[Event "ICS rated standard match"]
[Site "204.178.125.65"]
[Date "2001.01.05"]
[Round "?"]
[White "Hossa"]
[Black "Valg"]
[Result "0-1"]
[WhiteElo "2304"]
[BlackElo "2501"]
[PlyCount "142"]
[EventDate "2001.??.??"]

1. e4 e5 2. d4 exd4 3. Nf3 Nc6 4. c3 dxc3 5. Nxc3 Bb4 6. Bg5 Nge7 7. a3 Bxc3+
8. bxc3 O-O 9. Bd3 h6 10. Bh4 d6 11. Rb1 b6 12. O-O Bg4 13. Re1 Bxf3 14. Qxf3
Ne5 15. Qe2 Nxd3 16. Qxd3 Qd7 17. Bg3 Rfe8 18. f3 a6 19. Qc4 b5 20. Qd3 Qe6 21.
Rec1 Rab8 22. Rb2 Nc6 23. Rcb1 Ne5 24. Bxe5 dxe5 25. a4 c6 26. Qe3 Red8 27. Qc5
Rbc8 28. Qb6 Qd6 29. Rc1 Rb8 30. Qa5 Qc5+ 31. Kh1 Qd6 32. Kg1 Qc5+ 33. Kh1 Rd4
34. axb5 axb5 35. Rbc2 Rd3 36. Rf1 Rbd8 37. Rcc1 R8d7 38. Qa8+ Kh7 39. Qa5 Qe3
40. h3 Ra7 41. Qb4 Ra2 42. Qb3 Qd2 43. Rg1 Rxf3 44. Qxa2 Rxh3+ 45. gxh3 Qxa2
46. Rcf1 Qc4 47. Kh2 Qe2+ 48. Kg3 Qxe4 49. Rf2 f5 50. Kh2 f4 51. Rd2 Qf5 52.
Rg4 f3 53. Rf2 e4 54. Rg3 Qe5 55. h4 Qxc3 56. Rf1 b4 57. Kh3 b3 58. Kh2 b2 59.
Rgg1 Qd2+ 60. Kg3 Qe3 61. Kh2 f2 62. Rh1 Qf4+ 63. Kh3 Qf3+ 64. Kh2 e3 65. Rd1
e2 66. Rdf1 exf1=N+ 67. Rxf1 h5 68. Rb1 f1=Q 69. Rxf1 Qxf1 70. Kg3 b1=Q 71. Kh2
Qb8# {Hossa checkmated} 0-1

[Event "ICS rated blitz match"]
[Site "204.178.125.65"]
[Date "2001.01.05"]
[Round "?"]
[White "Hossa"]
[Black "PostModernist"]
[Result "0-1"]
[WhiteElo "2586"]
[BlackElo "2540"]
[PlyCount "158"]
[EventDate "2001.??.??"]

1. e4 c5 2. Nf3 Nc6 3. d4 cxd4 4. Nxd4 e5 5. Nb5 d6 6. a4 a6 7. N5c3 Be6 8. Nd5
Nf6 9. Nbc3 Be7 10. Be3 O-O 11. Be2 Bxd5 12. exd5 Nb4 13. O-O Qd7 14. Rc1 Qf5
15. Re1 Rfe8 16. f3 Rac8 17. Qd2 Qg6 18. Rf1 Bd8 19. Rf2 Ba5 20. Qd1 Rxc3 21.
bxc3 Nbxd5 22. Qd2 Bxc3 23. Qd3 Qxd3 24. cxd3 Ba5 25. Bg5 Bb6 26. Bd2 Bxf2+ 27.
Kxf2 Nd7 28. a5 Nc5 29. Rb1 Rb8 30. Ke1 b5 31. axb6 Rxb6 32. Rxb6 Nxb6 33. f4
Nd5 34. fxe5 dxe5 35. Kd1 Nb3 36. Bf3 Nxd2 37. Kxd2 Nb6 38. Kc3 a5 39. Be4 g6
40. Bc6 f5 41. d4 e4 42. d5 Kf7 43. Kd4 a4 44. d6 a3 45. Kc3 Ke6 46. Kb3 Kxd6
47. Bb5 Nd5 48. Bc4 e3 49. Kxa3 Nc3 50. Kb2 e2 51. Bxe2 Nxe2 52. Kc2 Nf4 53. g3
Ke5 54. Kd2 Ke4 55. gxf4 Kxf4 56. Ke2 Kg4 57. Kf2 f4 58. Kg1 f3 59. Kf2 Kh3 60.
Ke3 f2 61. Kf3 f1=Q+ 62. Ke4 Qd3+ 63. Ke5 Qd5+ 64. Kf6 Qe6+ 65. Kxe6 Kxh2 66.
Kf6 h5 67. Kg5 Kg3 68. Kh6 h4 69. Kg5 h3 70. Kf6 h2 71. Ke5 h1=Q 72. Kd6 Qe4
73. Kd7 Qd5+ 74. Kc8 Qf7 75. Kd8 Qb7 76. Ke8 Kg4 77. Kf8 Kf5 78. Kg8 Kf6 79.
Kh8 Qg7# {Hossa checkmated} 0-1

[Event "ICS rated blitz match"]
[Site "204.178.125.65"]
[Date "2001.01.05"]
[Round "?"]
[White "WolfieBoy"]
[Black "Hossa"]
[Result "0-1"]
[WhiteElo "1974"]
[BlackElo "2568"]
[PlyCount "62"]
[EventDate "2001.??.??"]

1. e4 e5 2. f4 exf4 3. Nf3 h6 4. d4 g5 5. h4 Bg7 6. Bc4 Nc6 7. c3 g4 8. O-O
gxf3 9. Qxf3 Qxh4 10. Bxf4 Nxd4 11. cxd4 Bxd4+ 12. Be3 Bxe3+ 13. Qxe3 f6 14.
Nc3 c6 15. Rf4 Qg5 16. Raf1 b5 17. Bb3 b4 18. Ne2 Ba6 19. e5 Kd8 20. e6 Ne7 21.
Qd4 d5 22. Rxf6 Bxe2 23. Rf8+ Kc7 24. Rxh8 Bxf1 25. Kxf1 Rxh8 26. Qxh8 Qf5+ 27.
Kg1 Qxe6 28. Qa8 Nc8 29. Ba4 Qe1+ 30. Kh2 Qc1 31. b3 d4 {WolfieBoy resigns} 0-1

[Event "ICS rated blitz match"]
[Site "204.178.125.65"]
[Date "2001.01.05"]
[Round "?"]
[White "QueenMaxima"]
[Black "Hossa"]
[Result "1/2-1/2"]
[WhiteElo "2467"]
[BlackElo "2569"]
[PlyCount "110"]
[EventDate "2001.??.??"]

1. e4 e5 2. Nf3 Nc6 3. Bc4 Be7 4. O-O Nf6 5. Nc3 d6 6. d3 Na5 7. Bb5+ c6 8. Ba4
b5 9. Bb3 O-O 10. h3 Nxb3 11. axb3 a5 12. Be3 Bb7 13. Qd2 Qc7 14. Bg5 Bc8 15.
Nh4 b4 16. Ne2 d5 17. Nf5 Bxf5 18. exf5 Ne8 19. Bxe7 Qxe7 20. Rfe1 Nd6 21. Ng3
f6 22. Qe3 Qd7 23. Qf3 Nb5 24. Ne2 Qd6 25. c4 bxc3 26. bxc3 Na3 27. Ra2 Rfb8
28. Nc1 Nb5 29. Ne2 Nc7 30. Nc1 Qc5 31. c4 Na6 32. Ra1 Nb4 33. Qe2 Qd4 34. Ra4
dxc4 35. dxc4 Rd8 36. Qf3 Qb2 37. Qh5 h6 38. Qf3 Rd6 39. Rd1 Rd4 40. Rxd4 exd4
41. Qd1 d3 42. c5 Kf8 43. g4 Kg8 44. Kf1 Ra7 45. Qe1 Kf8 46. Qd1 Ra6 47. Nxd3
Qd4 48. Nb2 Qxb2 49. Qd8+ Kf7 50. Qd7+ Kg8 51. Qe8+ Kh7 52. Qg6+ Kg8 53. Qe8+
Kh7 54. Qg6+ Kg8 55. Qe8+ Kh7 {Game drawn by repetition} 1/2-1/2

[Event "ICS rated blitz match"]
[Site "204.178.125.65"]
[Date "2001.01.05"]
[Round "?"]
[White "Hossa"]
[Black "PostModernist"]
[Result "0-1"]
[WhiteElo "2564"]
[BlackElo "2566"]
[PlyCount "142"]
[EventDate "2001.??.??"]

1. d4 d5 2. c4 c6 3. Nf3 dxc4 4. e3 Be6 5. Ne5 b5 6. a4 f6 7. Nf3 g5 8. axb5
cxb5 9. Nc3 Qd7 10. Nd2 Qb7 11. Be2 Bf7 12. Bh5 Nh6 13. Bf3 Nc6 14. Nde4 Qb6
15. Nc5 a5 16. Nd5 Bxd5 17. Bxd5 e5 18. Ne6 Bb4+ 19. Bd2 Bxd2+ 20. Qxd2 exd4
21. exd4 Nf5 22. O-O Nfe7 23. Be4 h5 24. d5 Kf7 25. Nxg5+ fxg5 26. dxc6 Qc5 27.
Rxa5 Rxa5 28. Qxa5 Rc8 29. Qc3 g4 30. Rd1 Nxc6 31. Rd5 Qe7 32. Qe3 Qe6 33. Rxh5
Ne7 34. Bd5 Qxd5 35. Qf4+ Ke6 36. Rxd5 Kxd5 37. Qxg4 Rc7 38. h4 Kc5 39. f4 Nd5
40. Qf5 b4 41. g4 c3 42. bxc3 bxc3 43. Kf2 Rb7 44. g5 Rb2+ 45. Kf3 c2 46. g6
Rb3+ 47. Kg4 Rc3 48. g7 c1=Q 49. Qxd5+ Kxd5 50. g8=Q+ Kd4 51. Qd8+ Ke3 52. Qb6+
Ke2 53. Qe6+ Kf2 54. Qa2+ Rc2 55. Qd5 Qg1+ 56. Kf5 Qg7 57. h5 Qh7+ 58. Kg4 Kg1
59. Qd4+ Kh2 60. Kh4 Qe7+ 61. Kg4 Qe6+ 62. f5 Rg2+ 63. Kf4 Qh6+ 64. Ke5 Re2+
65. Kd5 Rd2 66. Kc5 Rxd4 67. f6 Qxf6 68. Kb5 Qe5+ 69. Kb6 Rd6+ 70. Kc7 Qe7+ 71.
Kb8 Rd8# {Hossa checkmated} 0-1

[Event "ICS rated blitz match"]
[Site "204.178.125.65"]
[Date "2001.01.05"]
[Round "?"]
[White "Amateur"]
[Black "Hossa"]
[Result "0-1"]
[WhiteElo "2561"]
[BlackElo "2548"]
[PlyCount "186"]
[EventDate "2001.??.??"]

1. d4 Nf6 2. c4 e6 3. Nf3 b6 4. e3 Bb7 5. Bd3 d5 6. cxd5 Bb4+ 7. Bd2 Nxd5 8.
O-O O-O 9. Qc2 h6 10. e4 Bxd2 11. Qxd2 Nf6 12. Nc3 Nc6 13. e5 Nd5 14. Rac1 Nce7
15. Ne2 a5 16. Be4 c6 17. Nh4 Ba6 18. Rfe1 Qd7 19. Ng3 Rfd8 20. a3 Nc7 21. Red1
Bb5 22. Qe3 Rab8 23. Qf3 a4 24. Nh5 Ne8 25. Qg4 Nd5 26. Bf3 Ra8 27. Rd2 Qe7 28.
Qg3 Rd7 29. Be4 Rad8 30. Nf3 Qf8 31. Qh3 g6 32. Ng3 Nec7 33. Qh4 Ne7 34. Qg4
Qg7 35. Qh4 c5 36. Rcd1 c4 37. Rc2 Ba6 38. Qh3 Ncd5 39. Qh4 b5 40. Rdc1 Nc6 41.
Qg4 b4 42. axb4 Ncxb4 43. Rd2 Na2 44. Rb1 h5 45. Qh4 c3 46. Bxd5 exd5 47. bxc3
Nxc3 48. Rb6 Ra8 49. Rc2 Ne4 50. Nxe4 dxe4 51. Qxe4 Rda7 52. e6 fxe6 53. Qxe6+
Qf7 54. Qe4 Bb7 55. Qxg6+ Qxg6 56. Rxg6+ Kf8 57. Ng5 Re8 58. Rc1 a3 59. Rh6 a2
60. Rh8+ Kg7 61. Rxe8 a1=Q 62. Ree1 Qb2 63. Rb1 Qc2 64. Ne6+ Kh6 65. Nf4 Ra2
66. Nh3 Bd5 67. Rb6+ Kg7 68. Rd6 Bf7 69. Rd7 Qa4 70. Rde7 Qxd4 71. g3 Kf6 72.
R7e4 Qc5 73. R4e3 Rd2 74. Nf4 Qc2 75. Rf3 Rd1 76. Rxd1 Qxd1+ 77. Kg2 Kg7 78.
Rc3 Qa1 79. Rc5 Qa8+ 80. f3 Kh6 81. Re5 Qa1 82. Rb5 Qa2+ 83. Kg1 Qa6 84. Rf5
Qa1+ 85. Kg2 Qb2+ 86. Kh3 Qb3 87. Kh4 Qxf3 88. Rf6+ Kg7 89. Rxf7+ Kxf7 90. h3
Kf6 91. Nxh5+ Kg6 92. Nf4+ Kh6 93. Nd3 Qh5# {Amateur checkmated} 0-1

[Event "ICS rated blitz match"]
[Site "204.178.125.65"]
[Date "2001.01.05"]
[Round "?"]
[White "Hossa"]
[Black "ChesterX"]
[Result "1-0"]
[WhiteElo "2565"]
[BlackElo "2648"]
[PlyCount "97"]
[EventDate "2001.??.??"]

1. e4 c5 2. Nf3 d6 3. d4 cxd4 4. Nxd4 Nf6 5. Nc3 a6 6. Bg5 e6 7. Be2 Be7 8. O-O
Nxe4 9. Bxe7 Nxc3 10. Bxd8 Nxd1 11. Bc7 Nxb2 12. Bxd6 Na4 13. Bf3 Nd7 14. Rfe1
Nab6 15. Nf5 g6 16. Ne3 f6 17. Rab1 Kf7 18. c4 Na4 19. Bxb7 Bxb7 20. Rxb7 Rhd8
21. Rc1 Rac8 22. c5 Kg8 23. c6 Ndc5 24. Bxc5 Rxc6 25. Ba3 Rxc1+ 26. Bxc1 Rc8
27. Bd2 Nc5 28. Ra7 Rb8 29. Nf1 Rb7 30. Ra8+ Kf7 31. Be3 Nd3 32. Rxa6 Ke7 33.
a4 f5 34. Rb6 Rxb6 35. Bxb6 Kd7 36. a5 Kc6 37. Nd2 e5 38. Nc4 Kb5 39. Nd6+ Kc6
40. Nf7 e4 41. h3 Kb5 42. Ng5 h5 43. Nf7 Nb4 44. Ne5 Nc6 45. Nxg6 Nxa5 46. Bxa5
Kxa5 47. Nf4 h4 48. g3 hxg3 49. h4 {ChesterX resigns} 1-0